000 01896nam a2200301 i 4500
003 DO-SdBNP
005 20250812133847.0
007 ta
008 250812b2025 dr |||| |||| 00| 0 spa d
040 _aDO-SdBNP
_bspa
_cBNPHU
_erda
041 _aspa
082 _axxx
_bC957
_222
100 1 _aCruz Pascual, Francisco
_d1956-
_eautor
_4aut.
_924825
245 1 0 _aConsecuencias de un mundo mecánico /
_cFrancisco Cruz Pascual ; introducción, Ángel Almánzar Valdez
250 _aPrimera edición
264 4 _aSanto Domingo :
_bEditorial Santuario,
_c2025.
300 _a119 Páginas :
_c24 cm.
336 _atexto
_btxt
_2rdacontent
337 _asin mediación
_bn
_2rdamedia
338 _avolumen
_bnc
_2rdacarrier
500 _aIncluye datos biografícos del autor en la solapa de la cubierta.
504 _aBibliografía p: 118-119.
520 _aEste es un libro radical, lúcido y valiente. Nos describe una realidad que muchos nos negamos a ver y que otros ni siquiera tienen la capacidad de saber que la misma existe. Nos señala al detalle los errores que como individuos y sociedad cometemos al colocar la tecnología y el progreso por delante de nosotros mismos. Nos dice que, al hacerlo, nos desprendemos de nuestra humanidad a la vez que nos convertimos en parte del engranaje de la máquina. Apunta con precisión de orfebre cada signo, cada síntoma, de cómo nos vamos amoldando al engranaje de la máquina y las repercusiones que de ello se derivan. Sin contemplación alguna establece culpabilidades, sin que importe de quien se trate. Por igual no se queda en la denuncia, propone lo que tenemos que hacer como individuos, como familia, como sociedad y como Estado para salir de la trampa y evitar el colapso social.
590 _aInventariado, 2025/ YL
700 _aAlmánzar Valdez, Ángel
_eintroducción
_4int.
_988488
910 _aYlockward
942 _2ddc
_cLBS1
999 _c59776
_d59776